Fallos plenarios de la cámara de apelaciones y garantías en lo penal del departamento judicial de Lomas de Zamora /
Guardado en:
| Autor Principal: | |
|---|---|
| Otros Autores: | , , |
| Formato: | Libro |
| Idioma: | Spanish |
| Publicado: |
Buenos Aires :
Universidad nacional de Lomas de Zamora,
2013
|
| Edición: | 1a. ed. |
| Materias: | |
| Etiquetas: |
Agregar Etiqueta
Sin Etiquetas, Sea el primero en etiquetar este registro!
|
| LEADER | 00773nam a22001935a 4500 | ||
|---|---|---|---|
| 001 | DER.der012724 | ||
| 008 | 180615s2013####ag#||||||||||||||#||spa|| | ||
| 005 | 20251113101223.0 | ||
| 245 | 1 | 0 | |a Fallos plenarios de la cámara de apelaciones y garantías en lo penal del departamento judicial de Lomas de Zamora / |c Lucas Liendro Kapustik, Oscar F. Salvadores ; complilado por Ricardo Maidana, Rodolfo Lanza. |
| 250 | |a 1a. ed. | ||
| 260 | |a Buenos Aires : |b Universidad nacional de Lomas de Zamora, |c 2013 | ||
| 300 | |a 363 p. | ||
| 020 | |a 9789879455982 | ||
| 100 | 1 | |a Liendro Kapustik, Lucas | |
| 700 | 1 | |a Salvadores, Oscar F. | |
| 700 | 1 | |a Maidana, Ricardo, |e comp. | |
| 700 | 1 | |a Lanza, Rodolfo, |e comp. | |
| 650 | 7 | |a DERECHO PROCESAL PENAL | |
| 859 | |a DERECHO |b BIB. DERECHO |h 345.05 |i LIE |p 007555 | ||
